000 00859nam a2200265Ia 4500
003 OSt
005 20220926004913.0
006 a|||||r|||| 00| 0
007 ta
008 220923b |||||||| |||| 00| 0 eng d
020 _a9789351507369
_c975.00
037 _b1722, 26/02/2018, Orange Boooks International
_cGeneral Book
040 _aRTL
_cRTL
_beng
041 _2eng
_aeng
082 _aX:87, Q6
100 _aSINGH Pritam
_9309446
245 0 _aLeadership Odyssey
_b From darkness to light
260 _a New Delhi
_bSage
_c2016
300 _axxxi,322p
_ccm.
490 _aRegions and Cities
700 _a BHANDARKER Asha
_9309447
700 _a RAI Snigdha
_9309448
942 _hX:87, Q6
_cGB
_2CC
999 _c612528
_d612528